000 00600nam a22002177a 4500
999 _c4743
_d4743
001 20108
003 BD-DhUAP
005 20201212112108.0
008 201118s2010 ii a|||| |||| 001 0 eng d
020 _a9788131517154
020 _a8131517152
040 _aBD-DhUAP
_bEng
_cBD-DhUAP
_dBD-DhUAP
082 _223
_a543.5 SPE
245 _aSpectroscopy /
_cGray M. Lampman ...[et al.].
250 _a4th ed.
260 _aNew Delhi :
_bCengage Learning,
_cc2010.
300 _axv, 647 pages :
_billustrations ;
_c25 cm.
500 _aIncludes index.
650 _aSpectrum analysis.
942 _2ddc
_cBK